Polymer surface dynamics /

Bibliographic Details
Corporate Author: American Chemical Society. Rocky Mountain Regional Meeting
Other Authors: Andrade, Joseph D., 1941-
Format: Book
Language:English
Published: New York : Plenum Press, [1988]
Subjects:

MARC

Tag First Indicator Second Indicator Subfields
LEADER 00000cam a2200000 a 4500
001 in00000017759
005 20151007053511.0
008 871207s1988 nyua b 10100 eng
010 |a  87035942  
020 |a 0306427885 
035 |a (OCoLC)17263945 
035 |9 AAB1875AM 
040 |a DLC  |c DLC  |d TXA  |d UtOrBLW 
049 |a TXAM  |c [A11048301] 
050 0 0 |a QD381.9.S97  |b P64 1988 
082 0 |a 547.7/045453  |2 19 
245 0 0 |a Polymer surface dynamics /  |c edited by J.D. Andrade. 
264 1 |a New York :  |b Plenum Press,  |c [1988] 
264 4 |c ©1988 
300 |a vii, 182 pages :  |b illustrations ;  |c 26 cm. 
336 |a text  |b txt  |2 rdacontent 
337 |a unmediated  |b n  |2 rdamedia 
338 |a volume  |b nc  |2 rdacarrier 
500 |a "Proceedings of a tropical symposium ... held at the Eighth Rocky Mountain Regional Meeting of the American Chemical Society on June 9, 1986 in Denver, Colorado"--Title page verso. 
504 |a Includes bibliographies and index. 
650 0 |a Polymerization  |x Surfaces  |x Congresses. 
650 0 |a Surface chemistry  |v Congresses. 
650 0 |a Polymers  |x Surfaces  |x Congresses. 
700 1 |a Andrade, Joseph D.,  |d 1941- 
710 2 |a American Chemical Society.  |b Rocky Mountain Regional Meeting  |n (8th :  |d 1986 :  |c Denver, Colo.) 
999 |a MARS 
999 f f |s c4439184-6d70-34da-a732-775ca8502340  |i c22752a4-8501-36a7-9a4a-a3499cf465df  |t 0 
952 f f |p normal  |a Texas A&M University  |b College Station  |c Sterling C. Evans Library  |d Evans: Library Stacks  |t 0  |e QD381.9.S97 P64 1988  |h Library of Congress classification  |i unmediated -- volume  |m A14811048301 
998 f f |a QD381.9.S97 P64 1988  |t 0  |l Evans: Library Stacks